Welcome to CU Library Online Public Access Catalogue (OPAC)

Communication skills in pharmacy practice : (Record no. 4842)

MARC details
000 -LEADER
fixed length control field 01165cam a22003014a 4500
001 - CONTROL NUMBER
control field 14515641
005 - DATE AND TIME OF LATEST TRANSACTION
control field 20250314200331.0
008 - FIXED-LENGTH DATA ELEMENTS--GENERAL INFORMATION
fixed length control field 060823s2007 paua b 001 0 eng
020 ## - INTERNATIONAL STANDARD BOOK NUMBER
International Standard Book Number 0781765986 (pbk.)
020 ## - INTERNATIONAL STANDARD BOOK NUMBER
International Standard Book Number 9780781765985 (pbk.)
050 00 - LIBRARY OF CONGRESS CALL NUMBER
Classification number RS56
Item number .C65 2007
082 00 - DEWEY DECIMAL CLASSIFICATION NUMBER
Classification number 615/.1
Edition information 22
245 00 - TITLE STATEMENT
Title Communication skills in pharmacy practice :
Remainder of title a practical guide for students and practitioners /
Statement of responsibility, etc. [edited by] Robert S. Beardsley, Carole L. Kimberlin, William N. Tindall.
250 ## - EDITION STATEMENT
Edition statement 5th ed.
260 ## - PUBLICATION, DISTRIBUTION, ETC.
Place of publication, distribution, etc. Philadelphia :
Name of publisher, distributor, etc. Wolters Kluwer/Lippincott Williams & Wilkins,
Date of publication, distribution, etc. c2008.
300 ## - PHYSICAL DESCRIPTION
Extent xxii, 242 p. :
Other physical details ill. ;
Dimensions 22 cm.
650 #0 - SUBJECT ADDED ENTRY--TOPICAL TERM
Topical term or geographic name entry element Communication in pharmacy.
650 #0 - SUBJECT ADDED ENTRY--TOPICAL TERM
Topical term or geographic name entry element Pharmacist and patient.
650 12 - SUBJECT ADDED ENTRY--TOPICAL TERM
Topical term or geographic name entry element Communication.
650 12 - SUBJECT ADDED ENTRY--TOPICAL TERM
Topical term or geographic name entry element Pharmacists.
650 22 - SUBJECT ADDED ENTRY--TOPICAL TERM
Topical term or geographic name entry element Professional-Patient Relations.
700 1# - ADDED ENTRY--PERSONAL NAME
Personal name Beardsley, Robert S.
700 1# - ADDED ENTRY--PERSONAL NAME
Personal name Kimberlin, Carole L.
700 1# - ADDED ENTRY--PERSONAL NAME
Personal name Tindall, William N.
856 41 - ELECTRONIC LOCATION AND ACCESS
Materials specified Table of contents only
Uniform Resource Identifier <a href="http://www.loc.gov/catdir/toc/ecip0619/2006027546.html">http://www.loc.gov/catdir/toc/ecip0619/2006027546.html</a>
856 42 - ELECTRONIC LOCATION AND ACCESS
Materials specified Publisher description
Uniform Resource Identifier <a href="http://www.loc.gov/catdir/enhancements/fy0714/2006027546-d.html">http://www.loc.gov/catdir/enhancements/fy0714/2006027546-d.html</a>
942 ## - ADDED ENTRY ELEMENTS (KOHA)
Source of classification or shelving scheme Library of Congress Classification
Koha item type Books
Edition 5th ed.
Suppress in OPAC No
999 ## -
-- 4842
-- 4842
Holdings
Withdrawn status Lost status Source of classification or shelving scheme Damaged status Not for loan Collection Home library Current library Shelving location Date acquired Total checkouts Full call number Barcode Date last seen Copy number Price effective from Koha item type
    Library of Congress Classification     Non-fiction Science Library (Miotso) Science Library (Miotso) General stacks 03/14/2025   RS56 .C65 COM SLM00004264 03/14/2025 1 03/14/2025 Books
    Library of Congress Classification     Non-fiction Science Library (Miotso) Science Library (Miotso) General stacks 03/14/2025   RS56 .C65 COM SLM00004265 03/14/2025 2 03/14/2025 Books
    Library of Congress Classification     Non-fiction Science Library (Miotso) Science Library (Miotso) General stacks 03/14/2025   RS56 .C65 COM SLM00004266 03/14/2025 3 03/14/2025 Books
    Library of Congress Classification     Non-fiction Science Library (Miotso) Science Library (Miotso) General stacks 03/14/2025   RS56 .C65 COM SLM00004267 03/14/2025 4 03/14/2025 Books
    Library of Congress Classification     Non-fiction Science Library (Miotso) Science Library (Miotso) General stacks 03/14/2025   RS56 .C65 COM SLM00004268 03/14/2025 5 03/14/2025 Books
    Library of Congress Classification     Non-fiction Science Library (Miotso) Science Library (Miotso) General stacks 03/14/2025   RS56 .C65 COM SLM00004269 03/14/2025 6 03/14/2025 Books
    Library of Congress Classification     Non-fiction Science Library (Miotso) Science Library (Miotso) General stacks 03/14/2025   RS56 .C65 COM SLM00004270 03/14/2025 7 03/14/2025 Books
    Library of Congress Classification     Non-fiction Science Library (Miotso) Science Library (Miotso) General stacks 03/14/2025   RS56 .C65 COM SLM00004271 03/14/2025 8 03/14/2025 Books
    Library of Congress Classification     Non-fiction Science Library (Miotso) Science Library (Miotso) General stacks 03/14/2025   RS56 .C65 COM SLM00004272 03/14/2025 9 03/14/2025 Books
    Library of Congress Classification     Non-fiction Science Library (Miotso) Science Library (Miotso) General stacks 03/14/2025   RS56 .C65 COM SLM00004273 03/14/2025 10 03/14/2025 Books
© 2023-2024 Copyright: Central University Libraries. All Rights Reserved | Created by: Mahone Tech Office